ADVANCED MATHEMATICAL ANALYSIS: (Record no. 206833)
[ view plain ]
| 000 -LEADER | |
|---|---|
| fixed length control field | 00586nam a22001937a 4500 |
| 005 - DATE AND TIME OF LATEST TRANSACTION | |
| control field | 20241122124016.0 |
| 010 ## - LCCN (DPL NO) | |
| LC control number | ENG-142496 |
| 020 ## - INTERNATIONAL STANDARD BOOK NUMBER | |
| Terms of availability | 595.00 |
| International Standard Book Number | 9789387162952 |
| 035 ## - SYSTEM CONTROL NUMBER | |
| System control number | EN-126028 |
| 037 ## - SOURCE OF ACQUISITION | |
| Source of stock number/acquisition | DBAD |
| 082 ## - DEWEY DECIMAL CLASSIFICATION NUMBER | |
| Classification number | 500 |
| Edition number | 6 |
| 100 ## - MAIN ENTRY--PERSONAL NAME | |
| Personal name | Chatterjee, Utpal |
| 245 ## - TITLE STATEMENT | |
| Title | ADVANCED MATHEMATICAL ANALYSIS: |
| Remainder of title | THEORY & PROBLEMS INCLUDING MCQ'S/ |
| Statement of responsibility, etc | By Utpal Chatterjee |
| 250 ## - EDITION STATEMENT | |
| Edition statement | 6 |
| 260 ## - PUBLICATION, DISTRIBUTION, ETC. (IMPRINT) | |
| Date of publication, distribution, etc | 2022 |
| Name of publisher, distributor, etc | Academic Publishers |
| Place of publication, distribution, etc | Kolkatta |
| 270 ## - ADDRESS | |
| Address | 5A Bhawani Dutta Lane |
| City | Kolkatta |
| Postal code | 700073 |
| 300 ## - PHYSICAL DESCRIPTION | |
| Extent | viii,728p |
| Dimensions | 24cm(pb) |
| 942 ## - ADDED ENTRY ELEMENTS (KOHA) | |
| Source of classification or shelving scheme | Dewey Decimal Classification |
| Item type | English Books |
| Classification part | 500 |
| Call number suffix | CHA |
| Withdrawn status | Lost status | Not for loan | Collection code | Home library | Current library | Date acquired | Source of acquisition | Cost, normal purchase price | Full call number | Barcode | Copy number | Cost, replacement price | Koha item type |
|---|---|---|---|---|---|---|---|---|---|---|---|---|---|
| Non-fiction | Bawana | Bawana | 28/10/2024 | Delivery of Books Act Division | 595.00 | 500 CHA | EN-126028 | 1 | 595.00 | English Books |
